<?xml version="1.0" encoding="UTF-8"?>
<collection xmlns="http://www.loc.gov/MARC21/slim">
 <record>
  <leader>00597nam a22001815a 4500</leader>
  <controlfield tag="001">EHU.bham044331</controlfield>
  <controlfield tag="003">AR-BHAM</controlfield>
  <controlfield tag="005">20161018134830.0</controlfield>
  <controlfield tag="008">130507s2016##################000#0#####d</controlfield>
  <datafield tag="020" ind1=" " ind2=" ">
   <subfield code="a">9789876023450</subfield>
  </datafield>
  <datafield tag="082" ind1="8" ind2="0">
   <subfield code="a">808.068</subfield>
  </datafield>
  <datafield tag="100" ind1="1" ind2=" ">
   <subfield code="a">Bajour, Cecilia</subfield>
  </datafield>
  <datafield tag="245" ind1="1" ind2="0">
   <subfield code="a">La orfebrería del silencio :</subfield>
   <subfield code="b">la construcción de lo no dicho en los libros-álbum  /</subfield>
   <subfield code="c"> Cecilia Bajour</subfield>
  </datafield>
  <datafield tag="260" ind1=" " ind2=" ">
   <subfield code="a">Córdoba :</subfield>
   <subfield code="b">Comunic-arte,</subfield>
   <subfield code="c">2016</subfield>
  </datafield>
  <datafield tag="300" ind1=" " ind2=" ">
   <subfield code="a">143 p.</subfield>
  </datafield>
  <datafield tag="653" ind1=" " ind2=" ">
   <subfield code="a">Libros ilustrados</subfield>
  </datafield>
  <datafield tag="653" ind1=" " ind2=" ">
   <subfield code="a">Literatura infantil-libros-álbum</subfield>
  </datafield>
  <datafield tag="859" ind1=" " ind2=" ">
   <subfield code="a">AR-BHAM</subfield>
   <subfield code="b">BIB. HUMANIDADES - General</subfield>
   <subfield code="h">808.068</subfield>
   <subfield code="i">B167</subfield>
   <subfield code="p">533.16</subfield>
   <subfield code="t">Ej.1</subfield>
  </datafield>
 </record>
</collection>
